Иванов Николай Петрович. О месте управляющего в имении Звегинцова

Доступно только в Электронных читальных залах Найти на картеНа карте
RUSMARC
00004141nac2a22002773x 450
00138e0a610-2a9d-41e8-85db-bf2e868cb499
00520211210154518.0
100##$a20211120l1910 k y0rusy50 ca
1010#$arus
102##$aRU
105##$ay z |||||
1220#$ad19100918
2001#$aИванов Николай Петрович. О месте управляющего в имении Звегинцова
$j18 сентября 1910
215##$a1 лист
251##$cДело
300##$aЗаголовок дела на папке: Письмо Иванова Николая Петровича - Звегинцеву Ал. Ив. (О месте управляющего в имении Звегинцева)
300##$aРукописный текст
330##$aВходит в раздел описи: 1. Письма к А. И. Звегинцову. 3/ Письма имущественно-хозяйственного характера
461#0$1001fc48e33c-c630-4015-85dd-2f2aab656f45
$12001
$aЗвегинцев Александр Иванович, помещик Воронежской губернии, депутат III Государственной думы, член партии "Союз 17 октября"
$1251
$cФонд
$1852
$j932
462#0$1001ddcf82e7-7bd9-4c5e-b7f1-85df8b3febb3
$12001
$aДела постоянного хранения. 1899-1913 гг.
$vД. 520
$1251
$cОпись
$1852
$j1
5171#$aПисьмо Иванова Николая Петровича - Звегинцеву Ал. Ив. (О месте управляющего в имении Звегинцева)
600#1$aЗвегинцев
$bА. И.
$gАлександр Иванович
600#1$aИванов
$bН. П.
$gНиколай Петрович
801#0$aRU
$bGA_RF
801#1$aRU
$bГлавНИВЦ
$c20211120
$2rusmarc
801#2$aRU
$bПБ им. Б.Н. Ельцина
$c20211210
$gRCR
$2rusmarc
852##$aГА РФ
$j520
937##$d171437549
$hГАРФ
035##$aRuPRLIB51062763
856##$uhttp://readingroom.main.prlib.ru/item.aspx?id_node=n171437549&mode=full
Формат отображения